Normal view
MARC view
- عهد حمد بن خليفة 1932-1942-ملك البحرين -تاريخ
Entry Topical Term
001 - CONTROL NUMBER
- control field: 17056
003 - CONTROL NUMBER IDENTIFIER
- control field: JO-AjAnu
005 - DATE AND TIME OF LATEST TRANSACTION
- control field: 20230606073023.0
008 - FIXED-LENGTH DATA ELEMENTS
- fixed length control field: 230606|| aca||aabn | a|a d
040 ## - CATALOGING SOURCE
- Original cataloging agency: JO-AjAnu
- Transcribing agency: JO-AjAnu
150 ## - HEADING--TOPICAL TERM
- Topical term or geographic name entry element: عهد حمد بن خليفة 1932-1942-ملك البحرين -تاريخ
670 ## - SOURCE DATA FOUND
- Source citation: Work cat.: (JO-AjAnu)8756: العنابي، زهر, author 17055, جلالة الملك حمد آل خليفة في بنية الأنموذج البحريني